000 01642cad a22002895a 4500
001 L146272
008 090105e20081216xxk f l 000 0 eng d
035 _a(Sirsi) u146272
041 0 _aeng
050 0 4 _a346.41043 $2 18
110 2 _aUnited Kingdom
_kLaws, etc.
_95044
245 0 4 _aThe Land Registration (Proper Office) Order 2008
_h[electronic resource]
260 _aLondon
_bOPSI
_c2008
490 0 _aSI
_v2008: 3201
520 _aThis Order applies to any application made to the registrar except an application delivered to the registrar in accordance with a written arrangement as to delivery made between the registrar and the applicant or between the registrar and the applicant's conveyancer, or written arrangement as to delivery made between the registrar and the applicant or between the registrar and the applicant's conveyancer, or under the provisions of any relevant notice given under Schedule 2 to the Land Registration Rules 2003. The Order also revokes several other Orders from 2007 and 2008.
520 _aComes into force 1 April 2009.
521 _aAdvanced
590 _aKA
650 2 4 _aLAND REGISTRATION (PROPER OFFICE) ORDER 2008
650 2 4 _aLAND REGISTRATION (PROPER OFFICE) ORDER 2007
650 2 4 _aLAND REGISTRATION (PROPER OFFICE) (AMENDMENT) ORDER 2008
650 2 4 _aLAND REGISTRATION RULES 2003
651 4 _aEngland and Wales
_y1543-
690 _aPROPERTY-PROPERTY ACQUISITION AND DISPOSAL-REGISTRATION OF TITLE TO PROPERTY-LAND REGISTRATION
856 4 0 _uhttps://www.opsi.gov.uk/si/si2008/uksi_20083201_en_1
_zView the item free of charge online at www.opsi.gov.uk...
942 _n0
999 _c109089
_d109089